Architecture and Urbanism (Record no. 25312)
[ view plain ]
| 000 -LEADER | |
|---|---|
| fixed length control field | 00916nam a22001577a 4500 |
| 020 ## - INTERNATIONAL STANDARD BOOK NUMBER | |
| ISBN | 9789382059387 |
| 082 ## - DEWEY DECIMAL CLASSIFICATION NUMBER | |
| Classification number | 720.954 |
| Item number | JAI-A |
| 100 ## - MAIN ENTRY--AUTHOR NAME | |
| Personal name | Jain, A.K. |
| 245 ## - TITLE STATEMENT | |
| Title | Architecture and Urbanism |
| 260 ## - PUBLICATION, DISTRIBUTION, ETC. (IMPRINT) | |
| Place of publication | New Delhi |
| Name of publisher | Synergy Books India, |
| Year of publication | 2016 |
| 300 ## - PHYSICAL DESCRIPTION | |
| Number of Pages | xi, 381p. |
| 504 ## - BIBLIOGRAPHY, ETC. NOTE | |
| Bibliography, etc | Include Bibliography |
| 520 ## - SUMMARY, ETC. | |
| Summary, etc | Architecture is changing from functional to organizational and from architectonic to urbanistic. A Building is intertwined with its surroundings physical, environmental, social, economic and cultural. In the book Architecture and Urbanism, the author A.K Jain looks at architecture with a wide-angle lens and explores its inter-relationship with urbanism. The book aims to broaden the understanding of inquisitive architects, urban planners and designers who continue reinventing the subject. |
| 650 ## - SUBJECT ADDED ENTRY--TOPICAL TERM | |
| Topical Term | Urbanization |
| -- | Architecture and Society |
| Form subdivision | City Planning |
| Geographic subdivision | India |
| 942 ## - ADDED ENTRY ELEMENTS (KOHA) | |
| Source of classification or shelving scheme | Dewey Decimal Classification |
| Koha item type | Books |
| Withdrawn status | Lost status | Damaged status | Not for loan | Home library | Current library | Date acquired | Source of acquisition | Bill Date | Full call number | Accession Number | Price effective from | Koha item type |
|---|---|---|---|---|---|---|---|---|---|---|---|---|
| NASSDOC Library | NASSDOC Library | 25/03/2019 | OP | 25/03/2019 | 720.954 JAI-A | 50106 | 25/03/2019 | Books |
